000 01443namaa22003251i 4500
005 20260308093857.0
008 260108s1995 ua a|||frm||| 000 0 eng d
040 _aEG-GICUC
_beng
_cEG-GICUC
_dEG-GICUC
_erda
041 0 _aeng
_beng
_bara
049 _aDeposit
097 _aPh.D
099 _aCai01.11.02.Ph.D.1995.Ho.A
100 0 _aHoda Mahmoud El-Aasar,
_epreparation.
245 1 3 _aAn Experimental anatomical study of the late effects of torsion of the spermatic cord on the testis of albino rats /
_cBy Hoda Mahmoud El-Aasar ; Supervision Prof. Dr. M.F. Gaballah, Prof. Dr. Z.H. Badawy, Dr. S.H. El Sharoni, Prof. Dr. H.A.L. Soliman.
246 1 5 _aدراسة تشريحية عن التأثيرات المتأخرة لألتفاف الحبل المنوي لخصية الفأر الابيض
264 0 _c1995.
300 _a148 Leaves
_billustrations
_c30 cm. +
336 _2rda content
_atext
337 _2rdamedia
_aUnmediated
338 _2rdacarrier
_avolume
502 _aThesis (Ph.D)-Cairo University, 1995.
504 _aBibliography: pages 136-148
653 0 _aalbino rats
700 0 _aM. F. Gaballah
_ethesis advisor.
700 0 _aS. H. El Sharoni
_ethesis advisor.
700 0 _aH. A. L. Soliman
_ethesis advisor.
900 _DDepartment of Anatomy
_FFaculty of Medicine
_UCairo University
_b1995
_cM. F. Gaballah
_cS. H. El Sharoni
_cH. A.L. Soliman
905 _aNehad
_eNourhan
942 _2ddc
_cTH
_e21
_n0
999 _c177487